Tự luyện Olympic Tiếng Anh 11

Quyển sách được chia ra làm hai tập tương ứng với hai học kì. giúp các em làm quen với các dạng bài thi trước khi thử sức trên internet.

Zapisane w:
Opis bibliograficzny
1. autor: Đặng, Hiệp Giang
Format: Książka
Język:Undetermined
Wydane: Hà Nội Giáo dục Việt Nam 2012
Hasła przedmiotowe:
Etykiety: Dodaj etykietę
Nie ma etykietki, Dołącz pierwszą etykiete!
Thư viện lưu trữ: Trung tâm Học liệu Trường Đại học Cần Thơ
LEADER 00913nam a2200217Ia 4500
001 CTU_184727
008 210402s9999 xx 000 0 und d
020 |c 16000 
082 |a 428.00712 
082 |b Gi106/T.2 
100 |a Đặng, Hiệp Giang 
245 0 |a Tự luyện Olympic Tiếng Anh 11 
245 0 |c Đặng Hiệp Giang, Phạm Thị Cẩm Chi 
260 |a Hà Nội 
260 |b Giáo dục Việt Nam 
260 |c 2012 
520 |a Quyển sách được chia ra làm hai tập tương ứng với hai học kì. giúp các em làm quen với các dạng bài thi trước khi thử sức trên internet. 
650 |a English language,Ngôn ngữ Anh 
650 |x Study and teaching (secondary),Học và giảng dạy (trung học) 
904 |i Võ, Thị Diệu 
980 |a Trung tâm Học liệu Trường Đại học Cần Thơ